Name The Guitar Player - Statistics

General Stats
  • This quiz has been taken 1,514 times
  • The average score is 14 of 24
Answer Stats
Band Guitar Player % Correct
Cream, Derek & the Dominos Eric Clapton
93%
The Beatles George Harrison
92%
Guns N Roses, ___ Snakepit, Velvet Revolver Slash
91%
The Yardbirds, Led Zeppelin Jimmy Page
90%
The Rolling Stones Keith Richards
89%
Queen Brian May
83%
Band of Gypsys, ___ _____ Experience Jimi Hendrix
83%
The Who Pete Townshend
81%
Allman Brothers (69-71) Duane Allman
77%
Pink Floyd (68-05) David Gilmour
75%
Santana Carlos Santana
71%
Aerosmith Joe Perry
62%
The Grateful Dead, ___ ___ Band Jerry Garcia
59%
Buffalo Springfield, CSNY, ___ ____ & Crazy Horse Neil Young
58%
The Mothers of Invention Frank Zappa
57%
The Velvet Underground Lou Reed
52%
Pink Floyd (65-68) Syd Barrett
51%
___ ___ ___ & Double Trouble Stevie Ray Vaughan
43%
The Band Robbie Robertson
22%
Allman Brothers (99-Present), ___ ___ Band Derek Trucks
20%
Allman Brothers (69-00), ___ ___ & Great Southern Dickey Betts
19%
Phish, Oysterhead, ___ ___ Band Trey Anastasio
16%
Govt Mule, Allman Brothers (89-97, 00-Present), Phil & Friends Warren Haynes
12%
Aquarium Rescue Unit, Allman Brothers (2000), Phil & Friends, Widespread Panic (2006-Present) Jimmy Herring
4%
No matching quizzes found
Score Distribution
Percent of People with Each Score
Percentile by Number Answered
Your Score History
You have not taken this quiz